Círculos de calidad : el enfoque espiral para aumentar la calidad, productividad y creatividad
Gespeichert in:
| 1. Verfasser: | |
|---|---|
| Weitere Verfasser: | , |
| Format: | Buch |
| Veröffentlicht: |
Cartago, Costa Rica : Editorial Tecnológica de Costa Rica
1986
|
| Schlagworte: | |
| Tags: |
Tag hinzufügen
Keine Tags, Fügen Sie den ersten Tag hinzu!
|
MARC
| LEADER | 00000nam a2200000Ia 4500 | ||
|---|---|---|---|
| 003 | 000290 | ||
| 005 | 20221231144020.0 | ||
| 008 | 140114s9999 c a 000 ||s d | ||
| 020 | |a 9977660166 | ||
| 040 | |c cru CEDI | ||
| 082 | |a 658.314 I58c | ||
| 100 | |a Inoue, Michael S. |9 18646 | ||
| 245 | |a Círculos de calidad : el enfoque espiral para aumentar la calidad, productividad y creatividad | ||
| 260 | |a Cartago, Costa Rica : Editorial Tecnológica de Costa Rica |c 1986 | ||
| 300 | |a 199 páginas : ilustraciones | ||
| 500 | |a Primera reimpresión | ||
| 650 | |x CIRCULOS DE CALIDAD |9 747 | ||
| 700 | |9 18647 |a Murray, Donald G | ||
| 700 | |9 18648 |a Blanco Durán, Rodolfo | ||
| 942 | |2 ddc |c BK | ||
| 999 | |c 15637 |d 15637 | ||



